| 000 | 00565nam a22001937a 4500 | ||
|---|---|---|---|
| 999 |
_c189465 _d189465 |
||
| 005 | 20220808125217.0 | ||
| 010 | _aB-745358-360 | ||
| 020 |
_a9780007449408 _c250.00 |
||
| 035 | _aB-745358-360 | ||
| 037 | _bCollins Classics | ||
| 082 | _aN | ||
| 100 | _aJoyce James | ||
| 245 |
_aDubliners/ _cby James Joyce |
||
| 260 |
_aNew Delhi _bCollins Classics _c2011 |
||
| 270 |
_a77-85 Fulham Place Road Hammersmith _bLondon _eW6 8JB |
||
| 300 |
_aix. 242p. _c18c.m (Pb) |
||
| 942 |
_2ddc _cEN _mJOY _hN |
||